000
00289nam a22001337a 4500
008
170222b xxu||||| |||| 00| 0 eng d
020
_a
9781133357490
041
_a
eng
080
_a
616 31
100
_a
5
101
_a
SHS
245
_a
INTRODUCTORY LOGIC
_c
HURLEY.P.J
942
_2
udc
_c
BK
999
_c
6108
_d
6108